000 00465nam a2200169Ia 4500
003 OSt
005 20260316144523.0
008 211028s2016 xx 000 0 und d
040 _cAIMIT LIBRARY
041 _aeng
100 _aS, Akhil; Mohammed, Riyaz.
_g131704
_94584
110 _aRoshan Suvaris
_94585
245 _aFinancial Asset Management System /
260 _aMangalore
_c2016
710 _aPrime Focus Technologies Pvt. Ltd.
_94586
942 _2ddc
_cPRO
999 _c217619
_d217619